[Event "Barcelona Rubinenca op 2nd"]
[Site "Barcelona"]
[Date "2023.11.03"]
[Round "6"]
[White "Munoz Igual, Xavier"]
[Black "Martinez Ferrer, Rafael"]
[Result "1-0"]
[WhiteElo "2046"]
[BlackElo "1687"]
[PlyCount "45"]
[EventDate "2023.09.22"]
[EventType "swiss"]
[EventRounds "9"]
[EventCountry "ESP"]
[SourceTitle "EXT 2025"]
[Source "ChessBase"]
[SourceDate "2024.10.14"]
[SourceVersion "1"]
[SourceVersionDate "2024.10.14"]
[SourceQuality "1"]

1. d4 d5 2. c4 c6 3. cxd5 cxd5 4. Nf3 Nf6 5. Nc3 Nc6 6. Bf4 a6 7. Rc1 Bf5 8. e3 e6 9. Qb3 Na5 10. Qa4+ Nc6 11. Ne5 Rc8 12. Nxc6 Rxc6 13. Bxa6 Nd7 14. Bb5 Rb6 15. Nxd5 exd5 16. Bc7 Qc8 17. 0-0 Rg6 18. Ba5 Qb8 19. Rc7 Bd6 20. Bxd7+ Kf8 21. Rfc1 Bxd7 22. Qxd7 Bxc7 23. Rxc7 1-0

[Event "Igualada op 15th"]
[Site "Igualada"]
[Date "2020.02.15"]
[Round "6"]
[White "Martinez Ferrer, Rafael"]
[Black "Abreu Sanchez, Leonel Jesus"]
[Result "0-1"]
[WhiteElo "1661"]
[BlackElo "1712"]
[PlyCount "44"]
[EventDate "2020.01.11"]
[EventType "swiss"]
[EventRounds "8"]
[EventCountry "ESP"]
[SourceTitle "CBM 195 Extra"]
[Source "ChessBase"]
[SourceDate "2020.05.31"]
[SourceVersion "1"]
[SourceVersionDate "2020.05.31"]
[SourceQuality "1"]

1. e4 c5 2. Nc3 Nc6 3. f4 e6 4. Nf3 Be7 5. Bb5 a6 6. Bxc6 bxc6 7. d3 d5 8. 0-0 d4 9. Na4 Nf6 10. b3 Qc7 11. Ne5 Rb8 12. Nb2 0-0 13. Nbc4 Nd7 14. Bd2 Nxe5 15. fxe5 Rb7 16. Qg4 f6 17. Bf4 Qd8 18. Qg3 f5 19. Nd6 Rd7 20. Bh6 Bh4 21. Qxg7+ Rxg7 22. exf5 exf5 0-1

[Event "Barcelona Sant Marti op-B 17th"]
[Site "Barcelona"]
[Date "2015.07.20"]
[Round "8"]
[White "Martinez Ferrer, Rafael"]
[Black "Bes Alvarez, Alex"]
[Result "0-1"]
[WhiteElo "1930"]
[BlackElo "1743"]
[PlyCount "46"]
[EventDate "2015.07.13"]
[EventType "swiss"]
[EventRounds "9"]
[EventCountry "ESP"]
[SourceTitle "EXT 2016"]
[Source "ChessBase"]
[SourceDate "2015.10.08"]
[SourceVersion "1"]
[SourceVersionDate "2015.10.08"]
[SourceQuality "1"]

1. d4 Nf6 2. Nf3 e6 3. Bf4 d5 4. e3 c5 5. c3 Nc6 6. Bd3 cxd4 7. exd4 Bd6 8. Ne5 Qc7 9. Qe2 0-0 10. Nd2 Ne8 11. Bg3 a6 12. 0-0 f6 13. Qh5 h6 14. Ng6 Rf7 15. Nh4 Bxg3 16. fxg3 Nd6 17. Qg6 b5 18. Qh7+ Kf8 19. Ng6+ Ke8 20. Qg8+ Kd7 21. Ne5+ Nxe5 22. dxe5 Bb7 23. exd6 Qc5+ 0-1

[Event "Barcelona Sant Marti op-B 17th"]
[Site "Barcelona"]
[Date "2015.07.19"]
[Round "7"]
[White "Vargas Drechsler, Carlos"]
[Black "Martinez Ferrer, Rafael"]
[Result "1-0"]
[WhiteElo "1973"]
[BlackElo "1930"]
[PlyCount "77"]
[EventDate "2015.07.13"]
[EventType "swiss"]
[EventRounds "9"]
[EventCountry "ESP"]
[SourceTitle "EXT 2016"]
[Source "ChessBase"]
[SourceDate "2015.10.08"]
[SourceVersion "1"]
[SourceVersionDate "2015.10.08"]
[SourceQuality "1"]

1. d4 Nf6 2. Nf3 e6 3. c4 d5 4. g3 c6 5. Bg2 Be7 6. 0-0 Nbd7 7. Nbd2 a5 8. Qc2 0-0 9. e4 dxe4 10. Nxe4 Nxe4 11. Qxe4 Nf6 12. Qc2 Qc7 13. Bf4 Qd8 14. Rad1 Nh5 15. Be3 Qc7 16. Ng5 Bxg5 17. Bxg5 h6 18. Be3 Nf6 19. d5 cxd5 20. Rd4 e5 21. Rh4 e4 22. Rc1 Be6 23. Qd2 dxc4 24. Bxh6 Qe5 25. Bxg7 e3 26. Bxf6 Qxf6 27. Qxe3 Rab8 28. Be4 Rfe8 29. Bh7+ Kf8 30. Qc5+ Re7 31. Re1 Rd8 32. Rf4 Qh6 33. Bf5 Rd5 34. Qa3 Ke8 35. Bxe6 Rxe6 36. Rfe4 b5 37. Qxa5 Rxe4 38. Rxe4+ Kf8 39. Qa8+ 1-0

[Event "Barcelona Sant Marti op-B 16th"]
[Site "Barcelona"]
[Date "2014.07.13"]
[Round "1"]
[White "Martinez Ferrer, Rafael"]
[Black "Garcia Hernandez, Jose Luis"]
[Result "1-0"]
[WhiteElo "1931"]
[BlackElo "1700"]
[PlyCount "51"]
[EventDate "2014.07.13"]
[EventType "swiss"]
[EventRounds "9"]
[EventCountry "ESP"]
[SourceTitle "CBM 161 Extra"]
[Source "ChessBase"]
[SourceDate "2014.08.29"]
[SourceVersion "1"]
[SourceVersionDate "2014.08.29"]
[SourceQuality "1"]

1. e4 e5 2. Nf3 Nc6 3. Bb5 Nf6 4. 0-0 d6 5. Re1 Bd7 6. c3 a6 7. Ba4 b5 8. Bb3 Na5 9. Bc2 Be7 10. h3 0-0 11. d4 Nc6 12. d5 Na5 13. Nbd2 c6 14. Nf1 Qc8 15. Ng3 h6 16. Qd3 Rb8 17. Nh4 Nh5 18. Nhf5 Bxf5 19. Nxf5 Qd7 20. b4 Nc4 21. dxc6 Qc7 22. Bb3 Nb6 23. Qf3 Nf6 24. Qg3 Nh5 25. Qg4 g6 26. Qxg6+ 1-0

[Event "Sabadell Coral Colon op 6th"]
[Site "Sabadell"]
[Date "2012.02.10"]
[Round "1"]
[White "Campos Cayuelas, Adria"]
[Black "Martinez Ferrer, Rafael"]
[Result "1/2-1/2"]
[WhiteElo "1997"]
[BlackElo "1676"]
[PlyCount "92"]
[EventDate "2012.02.10"]
[EventType "swiss"]
[EventRounds "9"]
[EventCountry "ESP"]
[SourceTitle "EXT 2014"]
[Source "ChessBase"]
[SourceDate "2013.11.20"]
[SourceVersion "1"]
[SourceVersionDate "2013.11.20"]
[SourceQuality "1"]

1. d4 Nf6 2. Nc3 g6 3. e4 d6 4. Bg5 Bg7 5. e5 dxe5 6. dxe5 Qxd1+ 7. Rxd1 Nfd7 8. Nd5 Bxe5 9. Nf3 Bd6 10. Bxe7 Bxe7 11. Nxc7+ Kd8 12. Nxa8 Bf6 13. c3 Re8+ 14. Be2 b6 15. Rd6 Bb7 16. Nxb6 axb6 17. Kd2 Kc7 18. Rd3 Nc5 19. Re3 Rd8+ 20. Kc1 Ne4 21. Rf1 Nc5 22. Bc4 Bxf3 23. Rxf3 Bg5+ 24. Kb1 f5 25. h4 Bh6 26. h5 Ne4 27. Rh3 g5 28. Rd3 Rxd3 29. Bxd3 Nd2+ 30. Kc2 Nxf1 31. Bxf1 Nd7 32. Bd3 f4 33. Bxh7 Nf6 34. Bg6 Ng4 35. Kd2 Nxf2 36. Bf5 Nh1 37. Kd3 g4 38. Be6 f3 39. g3 Nxg3 40. Bxg4 f2 41. Bh3 f1Q+ 42. Bxf1 Nxf1 43. a4 Ng3 44. b4 Nxh5 45. a5 Nf4+ 46. Kd4 bxa5 1/2-1/2

[Event "Sabadell Coral Colon op 5th"]
[Site "Sabadell"]
[Date "2011.03.11"]
[Round "6"]
[White "Martinez Ferrer, Rafael"]
[Black "Campos Cayuela, Teotista"]
[Result "0-1"]
[WhiteElo "1703"]
[BlackElo "1925"]
[PlyCount "65"]
[EventDate "2011.02.04"]
[EventType "swiss"]
[EventRounds "9"]
[EventCountry "ESP"]
[SourceTitle "EXT 2013"]
[Source "ChessBase"]
[SourceDate "2012.11.22"]
[SourceVersion "1"]
[SourceVersionDate "2012.11.22"]
[SourceQuality "1"]

1. e4 e6 2. d4 d5 3. Nd2 Nf6 4. e5 Nfd7 5. Bd3 c5 6. c3 Nc6 7. Ne2 cxd4 8. cxd4 f6 9. exf6 Nxf6 10. Nf3 Bd6 11. 0-0 0-0 12. Bg5 h6 13. Bh4 Qc7 14. Bg3 Nh5 15. Bxd6 Qxd6 16. Nc3 Nf4 17. Bb1 e5 18. dxe5 Nxe5 19. Nxe5 Qxe5 20. Kh1 d4 21. Ne4 Bf5 22. f3 d3 23. Bxd3 Qxb2 24. Qc2 Nxd3 25. Qxd3 Rac8 26. Qd5+ Kh8 27. Rab1 Qc2 28. Nd6 Qc6 29. Nf7+ Rxf7 30. Qxf7 Bxb1 31. h3 Bg6 32. Qb3 Qc4 33. Qb2 0-1

[Event "Sant Boi de Llobregat op 21st"]
[Site "Sant Boi de Llobregat"]
[Date "2009.04.24"]
[Round "1.9"]
[White "Gallego Romero, Albert"]
[Black "Martinez Ferrer, Rafael"]
[Result "1-0"]
[WhiteElo "2150"]
[BlackElo "1690"]
[PlyCount "83"]
[EventDate "2009.04.24"]
[EventType "swiss"]
[EventRounds "8"]
[EventCountry "ESP"]
[SourceTitle "EXT 2024"]
[Source "ChessBase"]
[SourceDate "2023.10.10"]
[SourceVersion "1"]
[SourceVersionDate "2023.10.10"]
[SourceQuality "1"]

1. Nf3 c5 2. c4 Nc6 3. g3 e6 4. d3 Nf6 5. Bg2 Be7 6. 0-0 0-0 7. Nbd2 d5 8. a3 Rb8 9. Qc2 d4 10. b4 cxb4 11. Nb3 b6 12. axb4 Bxb4 13. Bf4 Bd6 14. Nfxd4 Nxd4 15. Nxd4 Bxf4 16. Nc6 Qd7 17. gxf4 Rb7 18. Ne5 Qd6 19. Bxb7 Bxb7 20. Rxa7 Rb8 21. c5 bxc5 22. Rb1 Ba8 23. Raa1 g5 24. Qa4 Rc8 25. Qa6 Qc7 26. Qa7 Bc6 27. Qxc7 Rxc7 28. Rb8+ Kg7 29. fxg5 Nd5 30. Ng4 Kg6 31. Rg8+ Kf5 32. h3 Nf4 33. e4+ Bxe4 34. dxe4+ Kxe4 35. Re1+ Kd3 36. Rd8+ Nd5 37. Ne3 c4 38. Rd1+ Ke2 39. Nxd5 exd5 40. R1xd5 c3 41. Re8+ Kf3 42. Rf5# 1-0